书目信息 |
| 题名: |
索伯列夫空间讲义
|
|
| 作者: | 王元明 , 徐君祥 编著 | |
| 分册: | ||
| 出版信息: | 南京 东南大学出版社 2003.08 |
|
| 页数: | 115页 | |
| 开本: | 20cm | |
| 丛书名: | ||
| 单 册: | ||
| 中图分类: | O177.3 | |
| 科图分类: | ||
| 主题词: | 索伯列夫空间--suo bo lie fu kong jian--研究生--教材 | |
| 电子资源: | ||
| ISBN: | 7-81089-282-7 | |
| 000 | 00901nam0 2200253 450 | |
| 001 | 012009602655 | |
| 005 | 20090917154413.89 | |
| 010 | @a7-81089-282-7@dCNY10.00 | |
| 100 | @a20090917d2003 em y0chiy0120 ea | |
| 101 | 0 | @achi |
| 102 | @aCN@b320000 | |
| 105 | @ay a 000yy | |
| 106 | @ar | |
| 200 | 1 | @a索伯列夫空间讲义@Asuo bo lie fu kong jian jiang yi@f王元明, 徐君祥编著@Fwang yuan ming,xu jun xiang bian zhu |
| 210 | @a南京@c东南大学出版社@d2003.08 | |
| 215 | @a115页@d20cm | |
| 320 | @a有书目 (第115页) | |
| 330 | @a本教材介绍了索伯列夫空间及广义函数的基本理论,其中涵盖整指数的索伯列夫空间、广义函数及其傅里叶变换、指数的索伯列夫空间等。 | |
| 606 | 0 | @a索伯列夫空间@Asuo bo lie fu kong jian@x研究生@j教材 |
| 690 | @aO177.3@v4 | |
| 701 | 0 | @a王元明@Awang yuan ming@4编著 |
| 701 | 0 | @a徐君祥@Axu jun xiang@4编著 |
| 801 | 0 | @aCN@bQSSK@c20090917 |
| 905 | @b753420-24@dO177.3@eW444@f5 | |
| 索伯列夫空间讲义/王元明, 徐君祥编著.-南京:东南大学出版社,2003.08 |
| 115页;20cm |
| ISBN 7-81089-282-7:CNY10.00 |
| 本教材介绍了索伯列夫空间及广义函数的基本理论,其中涵盖整指数的索伯列夫空间、广义函数及其傅里叶变换、指数的索伯列夫空间等。 |
| ● |
| 相关链接 |
|
|
|
正题名:索伯列夫空间讲义
索取号:O177.3/W444
 
预约/预借
| 序号 | 登录号 | 条形码 | 馆藏地/架位号 | 状态 | 备注 |
| 1 | 753420 | 207534202 | 自科二线504/504自科库 43排1列3层/ [索取号:O177.3/W444] | 在馆 | |
| 2 | 753421 | 207534211 | 自科库401/401自科库 45排6列2层/ [索取号:O177.3/W444] | 在馆 | |
| 3 | 753422 | 207534220 | 自科二线504/110考试书库 5排3列4层/ [索取号:O177.3/W444] | 在馆 | |
| 4 | 753423 | 207534239 | 自科二线504/504自科库 43排1列3层/ [索取号:O177.3/W444] | 在馆 | |
| 5 | 753424 | 207534248 | 自科库401/401自科库 45排6列2层/ [索取号:O177.3/W444] | 在馆 |